| 000 | 00562nam a2200181Ia 4500 | ||
|---|---|---|---|
| 005 | 20250508160019.0 | ||
| 008 | 008 250505s9999 xx 000 0 eng d | ||
| 037 | _aBooks to be hide in OPAC | ||
| 040 |
_aFEDL _beng _cFEDL |
||
| 041 |
_aeng _2eng |
||
| 084 | _qFEDL | ||
| 245 | 0 | _aSuggestions for the consideration of teachers and others concerned in the work of public elementary schools | |
| 245 | 0 | _cBoard of Education | |
| 260 |
_aLondon, UK _bHis Majesty's Stationery Office _c1905 |
||
| 300 | _a155p. | ||
| 942 | _cHB | ||
| 999 |
_c1361022 _d1361022 |
||